Food quiz :) - Statistics

General Stats
  • This quiz has been taken 8 times
  • The average score is 5 of 16
Answer Stats
Hint Answer % Correct
tost toast
83%
burger burger
67%
ryż rice
67%
oliwka olive
50%
pizza pizza
50%
popcorn popcorn
50%
kakao cocoa
33%
chipsy crisps
33%
cytryna lemon
33%
ryba fish
17%
lizak lollipop
17%
ocet vinegar
17%
ciastko biscuit
0%
płatki cereal
0%
jajko egg
0%
kanapka sandwich
0%
No matching quizzes found
Score Distribution
Percent of People with Each Score
Percentile by Number Answered
Your Score History
You have not taken this quiz